Food allergen testing : molecular, immunochemical and chromatographic techniques
Αποθηκεύτηκε σε:
| Άλλοι συγγραφείς: | , |
|---|---|
| Μορφή: | Βιβλίο |
| Γλώσσα: | English |
| Δημοσίευση: |
Chichester :
Wiley Blackwell,
c2014.
|
| Θέματα: | |
| Ετικέτες: |
Προσθήκη ετικέτας
Δεν υπάρχουν, Καταχωρήστε ετικέτα πρώτοι!
|
MARC
| LEADER | 00000cam a2200000 a 4500 | ||
|---|---|---|---|
| 001 | 1/111186 | ||
| 008 | 160628s2014####uk | ||| |||| ||eng|| | ||
| 020 | |a 9781118519202 |q (σκληρό εξώφυλλο) | ||
| 040 | |a GR-MyUa |b gre |c GR-MyUa |e AACR2 | ||
| 041 | 0 | |a eng | |
| 082 | 7 | |a 616.975075 |2 (23) | |
| 245 | 0 | 0 | |a Food allergen testing : |b molecular, immunochemical and chromatographic techniques / |c edited by George Siragakis and Dimosthenis Kizis. |
| 260 | |a Chichester : |b Wiley Blackwell, |c c2014. | ||
| 300 | |a vii, 276 σ. : |b σχ. ; |c 25 εκ. | ||
| 504 | |a Περιλαμβάνει βιβλιογραφία και ευρετήριο. | ||
| 650 | 0 | |a Food intolerance |x Diagnosis. | |
| 650 | 0 | |a Food allergy. | |
| 700 | 1 | |a Siragakis, George, |e edt | |
| 700 | 1 | |a Kizis, Dimosthenis, |e edt | |
| 852 | |a INST |b LEMNOS |e 20160628 |h 616.975075 FOO |p 005600001738 |q 005600001738 |t BK |y 0 | ||
| 922 | |a 6ΕΛΗ |b 2016-06 |c ΤΑΚ/ΤΕΤΔ |d Liberal Books | ||
| 970 | |a Μοσχόβη |b Ευαγγελία |z 28-06-2016 | ||